000 00227nam a2200097Ia 4500
008 190216s9999||||xx |||||||||||||| ||und||
100 _aGopalaswamy N
245 0 _aSasya Resathanthram
260 _bKerala Basha Inst
942 _cBK
999 _c38967
_d38967